000
00309nam a2200121Ia 4500
008
190722s9999 xx 000 0 und d
020
_a
0-19-808287-8
100
_a
Naresh Chauhan
245
0
_a
Principles Of Operating Systems
260
_a
New Delhi
_b
Oxford University Press
_c
2015
300
_a
669
942
_c
BK
999
_c
426
_d
426